Bayesian estimation of proportions in the analysis of unavailability of health care in Slovakia

Nedostupnosť zdravotnej starostlivosti ovplyvňuje kvalitu života populácie. Autori príspevku určujú množstvo ľudí na Slovensku, ktorí si nemôžu dovoliť nevyhnutné lekárske ošetrenie v dôsledku nedostatku peňazí, ale aj z ďalších dôvodov. V analýze boli použité dva zdroje dát - výberové (štatistické)...

Descrizione completa

Salvato in:
Dettagli Bibliografici
Autore principale: Kotlebová, Eva
Altri autori: Šoltés, Erik, 1974-
Natura: Capitolo di libro
Lingua:inglese
Soggetti:
Tags: Aggiungi Tag
Nessun Tag, puoi essere il primo ad aggiungerne!!

MARC

LEADER 00000nla a2200000 4500
001 0230255
005 20240502083619.4
041 0 |a eng 
044 |a PL 
245 1 0 |a Bayesian estimation of proportions in the analysis of unavailability of health care in Slovakia  |c Eva Kotlebová, Erik Šoltés 
520 |a Nedostupnosť zdravotnej starostlivosti ovplyvňuje kvalitu života populácie. Autori príspevku určujú množstvo ľudí na Slovensku, ktorí si nemôžu dovoliť nevyhnutné lekárske ošetrenie v dôsledku nedostatku peňazí, ale aj z ďalších dôvodov. V analýze boli použité dva zdroje dát - výberové (štatistické) šetrenie EU SILC a EHIS. Bayesovský odhad podielu. 
610 2 0 |a starostlivosť zdravotná 
610 2 0 |a chudobní 
610 2 0 |a vylúčenie sociálne 
610 2 0 |a Slovensko 
610 2 0 |a štatistika aplikovaná 
610 2 0 |a metódy štatistické 
100 1 |a Kotlebová, Eva 
700 1 |a Šoltés, Erik, 1974-